Fr. Conceicao Rodrigues College of Engineering

INCREASE YOUR WORD POWER (Record no. 26041)

MARC details
000 -LEADER
fixed length control field 00360nam a2200169Ia 4500
082 ## - DEWEY DECIMAL CLASSIFICATION NUMBER
Classification number 107/BUR
Item number BUR
100 ## - MAIN ENTRY--PERSONAL NAME
Personal name BURT/ANGELA
245 ## - TITLE STATEMENT
Title INCREASE YOUR WORD POWER
260 ## - PUBLICATION, DISTRIBUTION, ETC.
Name of publisher, distributor, etc. BETTER YOURSELF BOOK
Place of publication, distribution, etc. Bandra
Date of publication, distribution, etc. 2001
366 ## - TRADE AVAILABILITY INFORMATION
Publishers's discount category 25
300 ## - PHYSICAL DESCRIPTION
Extent 219
546 ## - LANGUAGE NOTE
Language note ENGLISH
650 ## - SUBJECT ADDED ENTRY--TOPICAL TERM
Topical term or geographic name entry element PHILOPSOPHY
654 ## - SUBJECT ADDED ENTRY--FACETED TOPICAL TERMS
Focus term WORD POWER
942 ## - ADDED ENTRY ELEMENTS (KOHA)
Koha item type BOOK
Holdings
Withdrawn status Lost status Damaged status Not for loan Collection Home library Current library Date acquired Source of acquisition Cost, normal purchase price Inventory number Total Checkouts Full call number Barcode Date last seen Cost, replacement price Price effective from Koha item type
        CRC Fr. Agnel's C.Rodrigues College of Engineering Fr. Agnel's C.Rodrigues College of Engineering 17/03/2023 Better Yourself Books 45.00 1028/DT.04/09/2007   107/BUR BUR 17823 17/03/2023 70.00   BOOK